Negyvenhárommilliós MÉK-beruházás
Elmentve itt :
| Dokumentumtípus: | Cikk |
|---|---|
| Megjelent: |
1964-01-10
|
| Sorozat: | Délmagyarország
54 No. 7 |
| Kulcsszavak: | Kádár Sándor, Szövetkezetek Csongrád megyei értékesítő központja (MÉK), Mezőgazdaság fejlesztése gépesítés Csongrád megye 1964 |
| Online Access: | http://dmarchiv.bibl.u-szeged.hu/68683 |
| LEADER | 00536nab a2200145 i 4500 | ||
|---|---|---|---|
| 001 | delm68683 | ||
| 005 | 20180927153752.0 | ||
| 008 | 180927s1964 hu o 0|| hun d | ||
| 040 | |a SZTE Délmagyarország Archívum |b hun | ||
| 041 | |a hun | ||
| 245 | 0 | 0 | |a Negyvenhárommilliós MÉK-beruházás |h [elektronikus dokumentum] |
| 260 | |c 1964-01-10 | ||
| 300 | |a 1 | ||
| 490 | 0 | |a Délmagyarország |v 54 No. 7 | |
| 695 | |a Kádár Sándor, Szövetkezetek Csongrád megyei értékesítő központja (MÉK), Mezőgazdaság fejlesztése gépesítés Csongrád megye 1964 | ||